书目信息 |
| 题名: |
历代笑话集
|
|
| 作者: | 王利器 辑录 | |
| 分册: | ||
| 出版信息: | 上海 上海古籍出版社 1981.01 |
|
| 页数: | 580页 | |
| 开本: | 20cm | |
| 丛书名: | ||
| 单 册: | ||
| 中图分类: | I276.8 | |
| 科图分类: | ||
| 主题词: | 民间文学--中国 | |
| 电子资源: | ||
| ISBN: | ||
| 000 | 00574nam0 2200205 45 | |
| 001 | 0210090889 | |
| 005 | 20040413104027.0 | |
| 010 | @dCNY1.80 | |
| 091 | @a10186.241 | |
| 100 | @a20021009d1981 km y0chiy0120 ea | |
| 101 | 0 | @achi |
| 105 | @a z 000dy | |
| 200 | 1 | @a历代笑话集@ALi Dai Xiao Hua Ji@f王利器辑录@FWang Li Qi Ji Lu |
| 210 | @a上海@c上海古籍出版社@d1981.01 | |
| 215 | @a580页@d20cm | |
| 606 | 0 | @a民间文学@x中国 |
| 690 | @aI276.8@v3 | |
| 701 | 0 | @a王利器@4辑录 |
| 801 | @aCN@bTSTC@c20021009 | |
| 905 | @dI276.8@e19@f1@b52509@b51752@f1@b51750@f5@b51258-262@f1 | |
| 历代笑话集/王利器辑录.-上海:上海古籍出版社,1981.01 |
| 580页;20cm |
| ISBN :CNY1.80 |
| ● |
| 相关链接 |
|
|
|
|
正题名:历代笑话集
索取号:I276.8/19
 
预约/预借
| 序号 | 登录号 | 条形码 | 馆藏地/架位号 | 状态 | 备注 |
| 1 | 0051258 | 000037203 | 第二借阅区/ [索取号:I276.8/19] | 在馆 | |
| 2 | 0051259 | 000037221 | 第二借阅区/ [索取号:I276.8/19] | 在馆 | |
| 3 | 0051260 | 000037169 | 第二借阅区/ [索取号:I276.8/19] | 在馆 | |
| 4 | 0051261 | 000037187 | 第二借阅区/ [索取号:I276.8/19] | 在馆 | |
| 5 | 0051262 | 000037150 | 第二借阅区/ [索取号:I276.8/19] | 在馆 | |
| 6 | 0051750 | 000037196 | 第二借阅区/ [索取号:I276.8/19] | 在馆 | |
| 7 | 0051752 | 000037212 | 第二借阅区/ [索取号:I276.8/19] | 在馆 | |
| 8 | 0051754 | 000037178 | 第一样本阅览室/ [索取号:I276.8/19] | 在馆 | |
| 9 | 0052505 | 001922735 | 密集书库/ [索取号:I276.8/19] | 在馆 | |
| 10 | 0052506 | 001727171 | 密集书库/ [索取号:I276.8/19] | 在馆 | |
| 11 | 0052507 | 001922664 | 密集书库/ [索取号:I276.8/19] | 在馆 | |
| 12 | 0052508 | 001922628 | 密集书库/ [索取号:I276.8/19] | 在馆 | |
| 13 | 0052509 | 000037230 | 第二借阅区/ [索取号:I276.8/19] | 在馆 |